[Event "IECG WC.2000.S.00001 email"]
[Site "IECG email"]
[Date "1999.??.??"]
[Round "?"]
[White "Honig, Bernd"]
[Black "Braakhuis, Wilfried FR"]
[Result "1-0"]
[WhiteElo "2304"]
[BlackElo "2313"]
[PlyCount "95"]
[EventDate "1999.05.08"]
[EventType "tourn (corr)"]
[EventRounds "10"]
[SourceTitle "Corr 2008"]
[Source "ChessBase"]
[SourceDate "2008.06.24"]
[SourceVersion "1"]
[SourceVersionDate "2008.06.24"]
[SourceQuality "1"]

1. d4 d5 2. c4 c6 3. Nf3 Nf6 4. Nc3 e6 5. e3 Nbd7 6. Qc2 Bd6 7. Bd2 0-0 8. Bd3 dxc4 9. Bxc4 c5 10. 0-0 Qe7 11. Bd3 Re8 12. Rac1 e5 13. dxe5 Nxe5 14. Nxe5 Bxe5 15. f4 Bc7 16. Rfe1 Bd7 17. e4 c4 18. Be2 Bc6 19. Bf3 Rad8 20. Kh1 Qf8 21. e5 Bxf3 22. gxf3 Nd5 23. Nb5 Bb8 24. Qxc4 a6 25. Nd4 Nb6 26. Qd3 Ba7 27. Qe4 Nd5 28. Red1 Nb4 29. Bxb4 Qxb4 30. Nf5 Rxd1+ 31. Rxd1 Qxe4 32. fxe4 g6 33. Nd6 Rd8 34. Kg2 Kg7 35. Kf3 Bb8 36. Rd5 Rd7 37. Nc8 Kf8 38. Nb6 Rd8 39. a4 Bc7 40. Nc4 b6 41. Ne3 Ke7 42. Nc2 a5 43. Nd4 Rd7 44. Kg4 h6 45. h4 Ke8 46. h5 Re7 47. hxg6 fxg6 48. e6 1-0

[Event "IECG WC.2000.S.00001 email"]
[Site "IECG email"]
[Date "1999.??.??"]
[Round "?"]
[White "Honig, Bernd"]
[Black "Claridge, John Bleddyn"]
[Result "0-1"]
[WhiteElo "2304"]
[BlackElo "2194"]
[PlyCount "108"]
[EventDate "1999.05.08"]
[EventType "tourn (corr)"]
[EventRounds "10"]
[SourceTitle "Corr 2008"]
[Source "ChessBase"]
[SourceDate "2008.06.24"]
[SourceVersion "1"]
[SourceVersionDate "2008.06.24"]
[SourceQuality "1"]

1. d4 Nf6 2. c4 e6 3. Nc3 Bb4 4. Qc2 c5 5. dxc5 Na6 6. a3 Bxc3+ 7. Qxc3 Nxc5 8. b4 Nce4 9. Qb2 d5 10. c5 d4 11. e3 Ng4 12. Nh3 dxe3 13. Qxg7 Ke7 14. Ng5 exf2+ 15. Ke2 Qd5 16. Qxf7+ Kd8 17. Qg7 Bd7 18. c6 bxc6 19. Qxh8+ Kc7 20. Qb2 c5 21. Nxe6+ Qxe6 22. Bf4+ Nd6+ 23. Kd2 Re8 24. Bd3 c4 25. Qd4 cxd3 26. Rhc1+ Kb7 27. Qxd6 Qe2+ 28. Kc3 Rc8+ 29. Kb3 Qe6+ 30. Qxe6 Bxe6+ 31. Kb2 Rxc1 32. Rxc1 d2 33. Ra1 Bc4 34. Kc3 f1Q 35. Rxf1 Bxf1 36. Kxd2 Bxg2 37. Kc3 Kb6 38. a4 Nf6 39. Be3+ Kb7 40. Kc4 Nd5 41. Bf2 Nb6+ 42. Kb3 Bd5+ 43. Ka3 Nc4+ 44. Ka2 a6 45. h4 Kc6 46. Bg1 Nb6+ 47. Ka3 Bf3 48. Bf2 Bd1 49. b5+ axb5 50. axb5+ Kxb5 51. Kb2 Nd5 52. Kc1 Bg4 53. Kd2 Kc4 54. Ba7 h5 0-1

[Event "IECG WC.2000.S.00001 email"]
[Site "IECG email"]
[Date "1999.??.??"]
[Round "?"]
[White "Verdier, Patrice"]
[Black "Honig, Bernd"]
[Result "0-1"]
[WhiteElo "2347"]
[BlackElo "2304"]
[PlyCount "100"]
[EventDate "1999.05.08"]
[EventType "tourn (corr)"]
[EventRounds "10"]
[SourceTitle "Corr 2008"]
[Source "ChessBase"]
[SourceDate "2008.06.24"]
[SourceVersion "1"]
[SourceVersionDate "2008.06.24"]
[SourceQuality "1"]

1. d4 Nf6 2. c4 c5 3. d5 b5 4. cxb5 a6 5. bxa6 Bxa6 6. Nc3 d6 7. f4 g6 8. Nf3 Bg7 9. e4 Bxf1 10. Rxf1 0-0 11. e5 Ne8 12. Kf2 Nd7 13. Re1 Qb8 14. Qe2 Nc7 15. e6 fxe6 16. dxe6 Nf6 17. Kg1 d5 18. Ng5 Ra6 19. Qc2 c4 20. Kh1 Nh5 21. f5 gxf5 22. Qe2 Qe8 23. Qf3 d4 24. Nd1 Nf6 25. Bf4 Ncd5 26. Be5 Qg6 27. Nh3 Ne3 28. Nxe3 dxe3 29. Rxe3 Ne4 30. Nf4 Qg5 31. Bxg7 Qxg7 32. Re2 Rb6 33. Nd5 Rxe6 34. Nc3 Kh8 35. Rae1 Ref6 36. g3 Ng5 37. Qf4 e6 38. Qxc4 f4 39. Rg2 fxg3 40. Rxg3 Qb7+ 41. Ne4 Nf3 42. Re2 Rd8 43. Qc3 Rd1+ 44. Kg2 Nd4 45. Ree3 e5 46. Rg4 Rf8 47. b3 Qf7 48. Qc4 Qf5 49. Rgg3 Qf4 50. Rh3 Nf5 0-1